000 00731nam a2200217 a 4500
008 120416s1999 ||||||||||||||||| || u
020 _a0340720360
050 _aHM 101 Sto
100 _aStorey, John, 1950-
245 1 0 _aCultural consumption and everyday life
260 _aLondon:
_bArnold
_c1999
300 _axiii, 191p.
350 _a0.00
490 _aCultural studies in practice
650 _aPOPULAR CULTURE
650 _aCULTURE
650 _aPERSONALITY AND CULTURE
650 0 _aCONSUMPTION--ECONOMICS--SOCIAL ASPECTS
650 _aIntellectual life
995 _D0.00
_FCBU-MAIN LIBRARY (Kitwe)
_H1
_I15.00
_M1
_UAVAILABLE
_ZMain Library Open Access Collection
999 _c39278
_d39278